<?xml version="1.0" encoding="UTF-8"?>
<marc:record xmlns:marc="http://www.loc.gov/MARC21/slim">
   <marc:leader>00000nam a2200000 a 4500</marc:leader>
   <marc:datafield ind1="1" ind2=" " tag="100">
      <marc:subfield code="a">Almstädt, Eva</marc:subfield>
      <marc:subfield code="4">aut</marc:subfield>
      <marc:subfield code="e">Verfasser/-in</marc:subfield>
   </marc:datafield>
   <marc:datafield ind1=" " ind2=" " tag="653">
      <marc:subfield code="a">Autor Deutschland</marc:subfield>
   </marc:datafield>
   <marc:datafield ind1=" " ind2=" " tag="653">
      <marc:subfield code="a">Schauplatz Deutschland</marc:subfield>
   </marc:datafield>
   <marc:datafield ind1=" " ind2=" " tag="653">
      <marc:subfield code="a">Teil einer Reihe</marc:subfield>
   </marc:datafield>
   <marc:datafield ind1="0" ind2="0" tag="245">
      <marc:subfield code="a">Ostseejagd - 12</marc:subfield>
   </marc:datafield>
   <marc:datafield ind1="0" ind2="0" tag="245">
      <marc:subfield code="b">Kriminalroman</marc:subfield>
   </marc:datafield>
   <marc:datafield ind1="0" ind2="0" tag="245">
      <marc:subfield code="c">Eva Almstädt</marc:subfield>
   </marc:datafield>
   <marc:datafield ind1=" " ind2="1" tag="264">
      <marc:subfield code="a">Köln</marc:subfield>
      <marc:subfield code="b">Bastei Lübbe Taschenbuch</marc:subfield>
      <marc:subfield code="c">2017</marc:subfield>
   </marc:datafield>
   <marc:datafield ind1="1" ind2=" " tag="490">
      <marc:subfield code="a">Pia Korittki</marc:subfield>
      <marc:subfield code="v">12 PIA KORITTKI</marc:subfield>
   </marc:datafield>
   <marc:datafield ind1=" " ind2=" " tag="250">
      <marc:subfield code="a">Originalausgabe</marc:subfield>
   </marc:datafield>
   <marc:datafield ind1="1" ind2=" " tag="520">
      <marc:subfield code="a">Angaben aus der Verlagsmeldung##Ostseejagd : Pia Korittkis zwölfter Fall / von Eva Almstädt##"Lieber Jäger, lass mich leben, will dir meine Schwester geben..."##In einem Badeort an der Ostsee entdeckt ein Hotelbesitzer am Strand eine Leiche. Das Gesicht der Toten ist unkenntlich, niemand scheint sie zu vermissen. Kurz darauf stolpert eine Jägerin im Wald über ein menschliches Skelett. Gibt es einen Zusammenhang zwischen den beiden Toten? Und welche Rolle spielen die zwei Schwestern, die mit einem Kind zurückgezogen auf einem Bauernhof leben?##Pia Korittki, die in Lübeck von einem Stalker bedroht wird, übernimmt den Fall und zieht vorübergehend an den Ort der Ermittlungen, um aus der "Schusslinie" zu sein. Eine Entscheidung, die sich als folgenschwer erweist...##Ein neuer Fall für Kommissarin Pia Korittki - Der zwölfte Band der erfolgreichen Ostseekrimi-Reihe von Bestsellerautorin Eva Almstädt!</marc:subfield>
   </marc:datafield>
   <marc:datafield ind1=" " ind2=" " tag="020">
      <marc:subfield code="a">9783404175109</marc:subfield>
      <marc:subfield code="9">9783404175109</marc:subfield>
   </marc:datafield>
   <marc:datafield ind1=" " ind2=" " tag="041">
      <marc:subfield code="a">ger</marc:subfield>
   </marc:datafield>
   <marc:datafield ind1=" " ind2=" " tag="300">
      <marc:subfield code="a">397 Seiten</marc:subfield>
   </marc:datafield>
</marc:record>
